01660cam a2200385 i 4500952015600000999001700156001000900173003000400182005001700186008004100203010001700244020001800261020001500279025003400294037005300328040003400381042001500415050002300430082002200453100004900475245006000524264004900584300004000633336002100673337002500694338002300719504006700742520004100809650004000850856010600890856009100996856009201087906004501179942005001224 00102ddc40708ECONOMICS OF LAND & ENERGYaMESbMEScECO d2019-02-20g295.00l0o333.720954 RAJ/Ep35772r2019-02-20 00:00:00w2019-02-20yBKzGL6R4 c21518d2151817091532OSt20200602103909.0111221s2011 ii a j b 001 0 eng  a 2011351613 a9780198076995 a0198076991 aI-E-2011-351613; 49-92; 69-92 bLibrary of Congress -- New Delhi Overseas Office aDLCbengcoclcdDLCerdadDLC alcodeapcc00aGE140.5b.R34 2011 a333.720954bRAJ/E aRajagopalan, Rq(Raghavachari),d1940-9247110aEnvironment :ban illustrated journey /cR. Rajagopalan 1aNew Delhi :bOxford University Press,c2011. a236 pages :billustrations ;c26 cm atext2rdacontent aunmediated2rdamedia avolume2rdacarrier aIncludes bibliographical references (pages 218-222) and index. aMeant for secondary school children. 0aHuman ecologyvJuvenile literature.423Contributor biographical informationuhttp://www.loc.gov/catdir/enhancements/fy1409/2011351613-b.html423Publisher descriptionuhttp://www.loc.gov/catdir/enhancements/fy1409/2011351613-d.html413Table of contents onlyuhttp://www.loc.gov/catdir/enhancements/fy1409/2011351613-t.html a7bcbccorigoded3encipf20gy-gencatlg 2ddccBKh333.720954iRAJ/Ek333.720954mRAJ/E